Riconosci lo Stato - Quiz n°121 - Statistics

Statistiche generali
  • Questo quiz è stato fatto 24 volte
  • Il punteggio medio è 11 su 12
Statistiche sulle risposte
Indizio Risposta % Corretto
Indipendenza 8 gennaio 1297 dalla Repubblica di Genova
100%
Tasso di crescita 0,69%
95%
Superficie 2,02 km²
95%
Popolazione 39 050 ab.
95%
PIL (nominale) 6 063 milioni di $
95%
Principe Alberto II di Monaco
95%
Valuta Euro
95%
Iniziale della Capitale M
95%
Forma di Governo Monarchia costituzionale
95%
Ministro di Stato Pierre Dartout
95%
Risposta Principato di Monaco
95%
Fuso Orario UTC+1
95%
Nessun quiz corrispondente trovato
Distribuzione punteggi
Percentuale di utenti per punteggio
Percentile per numero di risposta
I tuoi punteggi nel tempo
Non hai fatto questo quiz